| 000 | 01129nam a22002657a 4500 | ||
|---|---|---|---|
| 003 | EG-ScBUE | ||
| 005 | 20221211100327.0 | ||
| 008 | 100328s2003 sp ae f d 00010 eeng d | ||
| 020 | _a8495951223 | ||
| 040 |
_aEG-ScBUE _beng _erda _cEG-ScBUE _dEG-ScBUE |
||
| 082 | 0 | 4 |
_222 _a724.603 _bMET |
| 245 | 0 | 4 |
_aThe metapolis dictionary of advanced architecture : _bcity, technology and society in the information age / _cManuel Gausa [and five others] ; coordinación, Susanna Cros. |
| 264 | 1 |
_aBarcelona : _bActar, _c2003. |
|
| 300 |
_a688 pages : _billustrations (chiefly color), plans ; _c24 cm |
||
| 500 | _aExpanded international version of: Diccionario Metápolis arquitectura avanzada. | ||
| 500 | _aA project of the Institute for Advanced Architecture Metapolis. | ||
| 500 | _aIncludes index. | ||
| 650 | 7 |
_913245 _aArchitecture, Modern _y20th century _vDictionaries. _2BUEsh |
|
| 650 | 7 |
_913246 _aArchitecture _xTechnological innovations _vDictionaries. _2BUEsh |
|
| 653 | _bENGARC | ||
| 655 | _vReading book | ||
| 700 | 1 |
_913243 _aGausa, Manuel, _eauthor. |
|
| 700 | 1 |
_aCros, Susanna, _econtributor. |
|
| 942 |
_2ddc _cREFERENCE |
||
| 999 |
_c13811 _d13811 |
||